Second National Biennial HIV and AIDS Scientific Research Conference 6th - 9th May, 2013 Kenya School of Monetary Studies, Nairobi : (Record no. 13943)

MARC details
000 -LEADER
fixed length control field 00781cam a22001932 4500
001 - CONTROL NUMBER
control field 0000024437
005 - DATE AND TIME OF LATEST TRANSACTION
control field 20151217155916.0
008 - FIXED-LENGTH DATA ELEMENTS--GENERAL INFORMATION
fixed length control field 131022s xx 000 0 eng d
040 ## - CATALOGING SOURCE
Original cataloging agency KABU
Transcribing agency KABU
111 2# - MAIN ENTRY--MEETING NAME
Meeting name or jurisdiction name as entry element National Biennial HIV and AIDS Scientific Research Conference
Location of meeting Nairobi :
Date of meeting 2013 May 6-9 :
Number of part/section/meeting 2nd.
-- 0000184554
245 10 - TITLE STATEMENT
Title Second National Biennial HIV and AIDS Scientific Research Conference 6th - 9th May, 2013 Kenya School of Monetary Studies, Nairobi :
Remainder of title "accelerating progress towards zero".
250 ## - EDITION STATEMENT
Edition statement 1st ed.
260 ## - PUBLICATION, DISTRIBUTION, ETC. (IMPRINT)
Place of publication, distribution, etc. Nairobi :
Name of publisher, distributor, etc. National Aids Control Council,
Date of publication, distribution, etc. 2013.
300 ## - PHYSICAL DESCRIPTION
Extent 85 p.
650 #0 - SUBJECT ADDED ENTRY--TOPICAL TERM
Topical term or geographic name as entry element AIDS (Disease)
Geographic subdivision Kenya.
-- 0000155790
852 1# - LOCATION
-- p400 KES
908 ## - PUT COMMAND PARAMETER (RLIN)
Put command parameter 131022
950 ## - LOCAL HOLDINGS (RLIN)
-- 1
Holdings
Withdrawn status Lost status Source of classification or shelving scheme Not for loan Home library Current library Date acquired Total Checkouts Full call number Barcode Date last seen Price effective from Koha item type
    Library of Congress Classification   Kabarak, Main Campus Kabarak, Main Campus 17/12/2015   RA644.25 .N38 2013 c. 1 016179 17/12/2015 17/12/2015 Africana Collection
Designed with assistance from East African Informatics Ltd